| 000 | 02924cam a22005534i 4500 | ||
|---|---|---|---|
| 003 | PE-LiUPU | ||
| 005 | 20250731173034.0 | ||
| 008 | 150624 2003 ag a rb 00 0 spa | ||
| 020 | _a9789505737710 | ||
| 035 | _a(Sirsi) i9789505737710 | ||
| 040 |
_aPE-LiUPU _bspa _cPE-LiUPU _erda |
||
| 049 | _aPRUA | ||
| 050 | _aBX6193.W5 | ||
| 082 | 0 | 4 |
_a286.732092 _bD94 _221 |
| 100 | 1 |
_aDouglass, Herbert E., _eautor. |
|
| 245 | 1 | 0 |
_aMensajera del Señor : _bel ministerio profético de Elena G. de White / _cHerbert E. Douglass. |
| 264 | 1 |
_aBuenos Aires : _bAsociación Casa Editora Sudamericana, _c2003. |
|
| 300 |
_a607 páginas ; _c27 centímetros |
||
| 336 |
_atext _2rdacontent |
||
| 337 |
_aunmediated _2rdamedia |
||
| 338 |
_avolume _2rdacarrier |
||
| 504 | _aIncluye bibliografía | ||
| 505 | 0 | _aEl sistema de comunicación de Dios -- La verdadera Elena G. de White -- La mensajera que escucha -- la voz de un movimiento -- Fomentando conceptos inspirados -- Cómo escuchar a la mensajera -- Cómo evaluar las críticas -- Continua relevancia de la mensajera de Dios. | |
| 526 | _aSEG42 | ||
| 526 | _aSEG41 | ||
| 526 | _aSEG40 | ||
| 526 | _aSEG39 | ||
| 526 | _aP94 | ||
| 526 | _aP87 | ||
| 526 | _aP86 | ||
| 526 | _aP85 | ||
| 526 | _aP77 | ||
| 526 | _aP76 | ||
| 526 | _aP35 | ||
| 600 |
_aWhite, Elena G. de _d1827-1915 _xDon profético. |
||
| 650 | 1 | 4 |
_aAdventistas del séptimo día _xDon profético. |
| 942 |
_2ddc _cBOOK |
||
| 949 |
_a286.732 D94 _wDEWEY _c1 _i54252 _d2017-6-25 _e2017-6-20 _f2017-2-15 _g1 _lCCODEBUL1 _mBUL _n10 _p20.25 _r0 _sY _tBOOK _u2015-6-24 _xTEOLOGIA _0COMPRA _o.STAFF. Colección General |
||
| 949 |
_a286.732 D94 _wDEWEY _c2 _i54937 _f2017-2-15 _g1 _lCIAE7 _mBUL _p20.25 _r0 _sY _tBOOK _u2015-6-24 _xTEOLOGIA _0COMPRA _o.STAFF. Colección General |
||
| 949 |
_a286.732 D94 _wDEWEY _c3 _i48501 _d2016-8-21 _e2016-8-18 _f2017-2-15 _g1 _lCIAE7 _mBUL _n1 _p20.25 _r0 _sY _tBOOK _u2015-6-24 _xTEOLOGIA _0COMPRA _o.STAFF. Colección General |
||
| 949 |
_a286.732 D94 _wDEWEY _c4 _i48253 _d2016-10-23 _e2016-10-19 _f2017-2-15 _g1 _lCIAE7 _mBUL _n5 _p20.25 _r0 _sY _tBOOK _u2015-6-24 _xTEOLOGIA _0COMPRA _o.STAFF. Colección General |
||
| 949 |
_a286.732 D94 _wDEWEY _c5 _i54251 _d2016-11-7 _e2016-11-7 _f2017-2-15 _g1 _lCIAE7 _mBUL _n16 _p20.25 _r0 _sY _tBOOK _u2015-6-24 _xTEOLOGIA _0COMPRA _o.STAFF. Colección General |
||
| 949 |
_aBX6193.W5 D68 2000 _wDEWEY _c1 _i63571 _lCIA _mBWL _p22.00 _r1 _sY _tBOOK _u2015-7-6 _xWHITE _zUNKNOWN _o.STAFF. Centro White |
||
| 949 |
_aBX6193.W5 D68 2000 _wDEWEY _c2 _iCW00085 _lCIA _mBWL _p22.00 _r0 _sY _tBOOK _u2017-1-30 _xWHITE _zUNKNOWN _0COMPRA _o.STAFF. Centro White |
||
| 949 |
_a286.732 D94 2000 _wDEWEY _c2 _iFJ09323 _lCCODEBUJ1 _mBUJ _p30.00 _r0 _sY _tBOOK _u2017-11-30 _xBIBLIOTECA _zUNKOWN _0COMPRA _o.STAFF. Colección General Juliaca |
||
| 999 |
_c25476 _d25476 |
||
| 980 |
_81 _gALBERTO SANCHEZ Responsable de Automatización |
||